№ 3; Патенты и лицензии

Dades bibliogràfiques
Parent link:Патенты и лицензии: научно-практический журнал. № 3.— , 2005-2012.— 0869-5466
Sumari:Режим доступа: по договору с организацией-держателем ресурса
Idioma:rus
Publicat: 2014
Accés en línia:https://elibrary.ru/contents.asp?id=33947423
Format: Electrònic Llibre
KOHA link:https://koha.lib.tpu.ru/cgi-bin/koha/opac-detail.pl?biblionumber=579683

MARC

LEADER 00000nam2a2200000 4500
001 579683
005 20231101130518.0
035 |a (RuTPU)RU\TPU\prd\279306 
035 |a RU\TPU\prd\279304 
090 |a 579683 
100 |a 20180629a20129999km y0rusy50 ca 
101 0 |a rus 
102 |a RU 
181 0 |a i  
182 0 |a b 
200 0 |a № 3  |b Электронный ресурс 
203 |a Текст  |c электронный 
210 |d 2014 
333 |a Режим доступа: по договору с организацией-держателем ресурса 
461 1 |0 (RuTPU)RU\TPU\prd\23788  |x 0869-5466  |t Патенты и лицензии  |o научно-практический журнал  |v № 3  |d 2005-2012 
801 0 |a RU  |b 63413507  |c 20010227  |g PSBO 
801 1 |a RU  |b 63413507  |c 20120216 
801 2 |a RU  |b 63413507  |c 20180629  |g RCR 
856 4 0 |u https://elibrary.ru/contents.asp?id=33947423 
942 |c BK